000 00661cam a22002173a 4500
001 38886
003 PGUSA
005 20140828083847.0
008 120215s2012||||xxu|||||s|||||000 | eng d
040 _aPGUSA
_beng
042 _adc
100 1 _aParsons, Mary Elizabeth
245 1 4 _aThe Wild Flowers of California :
_bTheir Names, Haunts, and Habits
_h[electronic resource] /
_cMary Elizabeth Parsons
260 _bProject Gutenberg,
_c2012
506 _aPublic domain in the USA.
516 _aElectronic text
700 1 _aBuck, Margaret Warriner
830 0 _aProject Gutenberg
_v38886
856 4 0 _uhttp://www.gutenberg.org/ebooks/38886
942 _cEB
999 _c268140
_d268140